| 000 | 00801cam a22002411 4500 | ||
|---|---|---|---|
| 001 | ca 09000321 | ||
| 003 | DLC | ||
| 005 | 20260227111048.0 | ||
| 008 | 920617r19031903nyua 000 0 eng | ||
| 010 | _aca 09000321 | ||
| 035 | _a(OCoLC)26033148 | ||
| 040 |
_aDLC _cCSt _dCSt _dOCoLC _dDLC |
||
| 050 | 0 | 0 |
_aQK1 _b.N515 no. 48 |
| 100 | 1 |
_aMacDougal, Daniel Trembly, _d1865-1958. |
|
| 245 | 0 | 0 |
_aMutation in plants, _cby Daniel Trembly Macdougal. |
| 260 |
_aNew York, _c1903. |
||
| 300 |
_a737-770 p. _billus. _c24 cm. |
||
| 490 | 1 |
_aContributions from the New York Botanical Garden. _vno. 48 |
|
| 500 | _aCover-title. | ||
| 500 | _aReprinted from the American Naturalist, no. 443; Nov., 1903. | ||
| 650 | 0 |
_aPlants _xVariation. |
|
| 830 | 0 |
_aContributions from the New York Botanical Garden. _vv. 48. |
|
| 999 |
_c13880 _d13880 |
||